000 00573nam a22001817a 4500
003 koha_MIRAKIL
005 20250512145606.0
008 250512b tur||||| |||| 00| 0 tur d
020 _a9786256915152
040 _aTR-IsEVY
_btur
_cTR-IsEVY
082 _aFIC KOR/N
100 _aKorman, Huban
245 0 _aNe gündü ama ! /
_cHuban Korman.
260 _aİstanbul :
_bGünışığı kitaplığı,
_c2023.
300 _a35 s. :
_brenkli resimli ;
_c18X26 cm.
650 _aÇocuk edebiyatı.
_vResimli Kitaplar.
_vCan Sıkıntısı.
_vMemnuniyetsizlik.
942 _2ddc
_cBK
999 _c22241
_d22241